000 01415nam a22001577a 4500
041 _aukr
080 _a09
090 _bРЕБ
100 _aРебрина, І.
245 _aЕвфемізми в спілкуванні при зв"язках з громадськістю
260 _aОстрог
_bКАФ
_c2004
300 _a41
520 _aРозділ 1. Зв"язки з громадськістю як один із видів масової комунікації 1.1 Історія розвитку зв"язків з громадськістю 1.2 Загальні причини встановлення інституту паблік релейшенз 1.3 Процес увфемізіції мови в усіх видіх діяльності людини 1.3.1 Суть та причини виникнення евфемізмів 1.3.2 Евфемізми як складова лексичних засобів мови Розділ 2. Політична коректність та політичні евфемізми 2.1 Політична коректність як мовний феномен 2.2 Евфемізація як складова лексичних засобів мови Розділ 3. Вживання евфемізмів в публіцистиці
_0комунікація, лексикологія, евфемізм
650 _aResearch Papers
999 _c282603
_d282603
942 _cBK